| 000 | 00444nam a2200181Ia 4500 | ||
|---|---|---|---|
| 005 | 20240909023854.0 | ||
| 008 | 240331s9999 xx 000 0 und d | ||
| 020 | _a0415159644 | ||
| 082 |
_bCAR _a700.01 |
||
| 100 | _aCarroll, N | ||
| 245 | 0 |
_aPhilosophy of Art : _ba contemporary introduction |
|
| 260 |
_a London _bRoutledge _c1999 |
||
| 300 | _aix, 273 p ., | ||
| 650 | _aArt | ||
| 650 | _aAesthetic | ||
| 650 | _aPhilosophy | ||
| 942 | _cL | ||
| 999 |
_c3051 _d3051 |
||